| 000 | 01376nam a2200385 a 4500 | ||
|---|---|---|---|
| 999 |
_c29186 _d29157 |
||
| 001 | 3565949 | ||
| 003 | EG-ScBUE | ||
| 005 | 20210614113649.0 | ||
| 006 | m m | ||
| 007 | crucnu | ||
| 008 | 970325t1997 txua f 001 0 eng d | ||
| 020 | _a1573110086 (pbk.) | ||
| 020 | _a9781573110082 | ||
| 035 | _a(OCoLC)36625004 | ||
| 040 |
_aIHS _beng _erda _cIHS _dNBuBE _dWaS _dCoD _dDLC _dEG-ScBUE |
||
| 082 | 0 | 4 |
_a338.74025 _bHOO _222 |
| 245 | 0 | 0 |
_aHoover's global 250 : _bthe stories behind the most powerful companies on the planet. |
| 246 | 3 | 0 | _aHoover's global two hundred fifty |
| 264 | 1 |
_aAustin, Texas : _bHoover's Business Press, _c[1997] |
|
| 264 | 4 | _cc1997 | |
| 300 |
_axiv, 612 pages : _billustrations ; _c24 cm |
||
| 336 |
_2rdacontent _atext _btxt |
||
| 337 |
_2rdamedia _aunmediated _bn |
||
| 338 |
_2rdacarrier _avolume _bnc |
||
| 500 | _aIncludes index. | ||
| 520 | _a"Profiles 250 of the largest and most interesting companies headquartered outside the United States"--Cover, p. [4]. | ||
| 650 | 7 |
_aBusiness enterprises _xDirectories. _2BUEsh |
|
| 650 | 7 |
_aCorporations _xFinance _xDirectories. _2BUEsh |
|
| 653 |
_bBUSECO _cJune2021 |
||
| 655 |
_vReading book _934232 |
||
| 856 | 7 | _2http | |
| 906 |
_a7 _bcbc _ccopycat _d2 _encip _f19 _gy-gencatlg |
||
| 942 |
_2ddc _cBB |
||